Normal view
MARC view
- Amartyananda S
Entry Personal Name
001 - CONTROL NUMBER
- control field: 214912
003 - CONTROL NUMBER IDENTIFIER
- control field: OSt
005 - DATE AND TIME OF LATEST TRANSACTION
- control field: 20251113231152.0
008 - FIXED-LENGTH DATA ELEMENTS
- fixed length control field: 251113|| aca||aabn | a|a d
040 ## - CATALOGING SOURCE
- Original cataloging agency: OSt
- Transcribing agency: OSt
100 ## - HEADING--PERSONAL NAME
- Personal name: Amartyananda S
670 ## - SOURCE DATA FOUND
- Source citation: Work cat.: (OSt)85894: Amartyananda S, Effective Life Management, 2009